Planning and chaos theory.

Definovanie chaosu ako "usporiadania bez možnosti predpovedania" a možnosti skúmania charakteru a rozvoja chaosu pomocou počítača. Vplyvy chaosu na postupy a myslenie plánovačov. Inherentnosť chaosu sa demonštruje pomocou matematických modelov. Simulovanie obyvateľstva s použitím logistického difere...

Descrizione completa

Salvato in:
Dettagli Bibliografici
Autore principale: Cartwright, T.J
Natura: Capitolo di libro
Lingua:inglese
Soggetti:
Tags: Aggiungi Tag
Nessun Tag, puoi essere il primo ad aggiungerne!!

MARC

LEADER 00000naa a2200000 4500
001 r003508
005 20221213084316.7
041 0 |a eng 
044 |a US 
245 1 0 |a Planning and chaos theory.  |c T.J. Cartwright 
520 |a Definovanie chaosu ako "usporiadania bez možnosti predpovedania" a možnosti skúmania charakteru a rozvoja chaosu pomocou počítača. Vplyvy chaosu na postupy a myslenie plánovačov. Inherentnosť chaosu sa demonštruje pomocou matematických modelov. Simulovanie obyvateľstva s použitím logistického diferenčného modelu. 
610 2 0 |a plánovanie 
610 2 0 |a využitie počítačov 
610 2 0 |a modely matematické 
610 2 0 |a modely logistické 
610 2 0 |a simulácia 
610 2 0 |a obyvateľstvo 
100 1 |a Cartwright, T.J.